Countries in their languages - Statistics

General Stats
  • This quiz has been taken 40 times
  • The average score is 13 of 15
Answer Stats
Hint Answer % Correct
Deutschland Germany
100%
Polska Poland
97%
Россия Russia
97%
Türkiye Turkey
97%
Lietuva Lithuania
95%
O'zbekiston Uzbekistan
95%
Azerbaycan Azerbaijan
92%
Eesti Estonia
92%
Ελλάδα Greece
92%
Suomi Finland
84%
ישראל Israel
84%
Северна Македонија North Macedonia
84%
الإمارات العربية المتحدة United Arab Emirates
79%
Shqipëria Albania
71%
Монгол Mongolia
66%
No matching quizzes found
Score Distribution
Percent of People with Each Score
Percentile by Number Answered
Your Score History
You have not taken this quiz